Music Quiz

Random Music or Lyrics Quiz

Product Placements In Song Lyrics Quiz Stats

Quiz Updated Jul 15, 2014

Challenge
Share
Tweet
Embed
Score 0/30 Timer 07:00
3 Plays Today
% Correct
Polaroid
90.1%
ChapStick
90%
Atari
88.4%
Pez
85.8%
Mercedes Benz
82.9%
Abercrombie & Fitch
82.3%
Snuggie
80.8%
Rogaine
80%
Vegemite
77.9%
Nikon
76.8%
Cap'n Crunch
76.6%
Coca-Cola
75.7%
Ford
74.6%
Newsweek
72.7%
Wayfarers
71.7%
% Correct
Cracker Jack
71.3%
7-Eleven
71%
Cadillac
68.9%
Maserati
67%
Valium
64.5%
Tastee-Freez
63.8%
American Express
62.2%
Snickers
61%
The New York Times
59.7%
Chrysler
59.5%
Hush Puppies
57.6%
McDonald's
56.9%
Cristal
56.2%
Moe╠łt et Chandon
54.5%
Tiffany
50.5%

You're not logged in!

Compare scores with friends on all Sporcle quizzes.
Sign Up with Email
OR
Log In

You Might Also Like...

Show Comments

Extras

Top Quizzes Today


Score Distribution

Your Account Isn't Verified!

In order to create a playlist on Sporcle, you need to verify the email address you used during registration. Go to your Sporcle Settings to finish the process.